Memory-past / (Record no. 4546)

MARC details
000 -LEADER
fixed length control field 00533 a2200181 4500
010 ## - LCCN (DPL NO)
LC control number ENG-86430
020 ## - INTERNATIONAL STANDARD BOOK NUMBER
International Standard Book Number 8181575563
Terms of availability 120.00
035 ## - SYSTEM CONTROL NUMBER
System control number EN-69963
037 ## - SOURCE OF ACQUISITION
Source of stock number/acquisition DBAD / PUB
082 14 - DEWEY DECIMAL CLASSIFICATION NUMBER
Classification number 881
100 1# - MAIN ENTRY--PERSONAL NAME
Personal name Bashir, Saba Mahmood
245 1# - TITLE STATEMENT
Title Memory-past /
Statement of responsibility, etc by Saba Mahmood Bashir
260 ## - PUBLICATION, DISTRIBUTION, ETC. (IMPRINT)
Place of publication, distribution, etc Kolkata
Name of publisher, distributor, etc Writers Workshop
Date of publication, distribution, etc 2006
270 ## - ADDRESS
Address 162/42, Lake Gardens,
City Calcutta
State or province West Bengal
Postal code 700 045
300 ## - PHYSICAL DESCRIPTION
Extent 52p.
Dimensions 22cm (Hb)
490 ## - SERIES STATEMENT
Series statement Writers workshop redbird book
942 ## - ADDED ENTRY ELEMENTS (KOHA)
Institution code [OBSOLETE] dpl
Item type English Books
Source of classification or shelving scheme Dewey Decimal Classification
Classification part 881
Call number suffix BAS
Holdings
Withdrawn status Lost status Not for loan Collection code Home library Current library Source of acquisition Cost, normal purchase price Full call number Barcode Copy number Cost, replacement price Koha item type
    Not For Loan Non-fiction D.B.Act.Division D.B.Act.Division DBAD/PUB 120.00 881 BAS EN-69963 1 120.00 English Books

© Delhi Public Library
Hit Counter
free hit counter